[Event "DEM U14w 2015"]
[Site "Willingen GER"]
[Date "2015.05.29"]
[Round "8"]
[White "Sanati, Charlotte"]
[Black "Rosenhain, Rachela"]
[Result "1-0"]
[Termination "normal"]
[Board "3"]
[WhiteElo "1862"]
[BlackElo "1826"]
[WhiteClock "00:21:38"]
[BlackClock "00:11:07"]
[PlyCount "53"]
[WhiteFideId "12907707"]
[BlackFideId "12957615"]
[EventCountry "GER"]
[EventRounds "9"]
[EventType "swiss"]
[EventDate "2015.05.23"]

1. e4 e5 2. Nf3 Nc6 3. Bb5 a6 4. Ba4 d6 5. O-O Nf6 6. Re1 Be7 7. c3 b5 8. Bc2
O-O 9. h3 Ne8 10. d4 Bd7 11. Nbd2 Bf6 12. Nf1 g6 13. Bh6 Bg7 14. Qd2 Qe7 15.
Rad1 Rd8 16. Bxg7 Nxg7 17. Ne3 Rc8 18. Nd5 Qd8 19. Qh6 f6 20. Bb3 Be6 21. g4
Ne7 22. dxe5 Bxd5 23. exd5 Ne8 24. exf6 Nxf6 25. Ng5 Qe8 26. Re6 Qd8 27. Rde1
1-0

[Event "DEM U14w 2015"]
[Site "Willingen GER"]
[Date "2015.05.29"]
[Round "8"]
[White "Reinecke, Katharina"]
[Black "Weimert, Miriam"]
[Result "0-1"]
[Termination "normal"]
[Board "4"]
[WhiteElo "1745"]
[BlackElo "1561"]
[WhiteClock "00:03:14"]
[BlackClock "00:31:19"]
[PlyCount "120"]
[WhiteFideId "12929727"]
[BlackFideId "12966703"]
[EventCountry "GER"]
[EventRounds "9"]
[EventType "swiss"]
[EventDate "2015.05.23"]

1. d4 Nf6 2. c4 e5 3. dxe5 Ne4 4. a3 b6 5. Nf3 Bb7 6. e3 Be7 7. Be2 O-O 8. O-O
d6 9. b3 Nd7 10. Bb2 Re8 11. Qc2 Bf8 12. exd6 Bxd6 13. Nc3 Ng5 14. Nd5 Re6 15.
Qf5 Nxf3+ 16. Bxf3 Ne5 17. Ne7+ Qxe7 18. Bxb7 Re8 19. Bd5 Rf6 20. Qc2 Rh6 21.
g3 Ng4 22. Qf5 Nxh2 23. Rfe1 Rf8 24. Kg2 g6 25. Qf6 Qxf6 26. Bxf6 Ng4 27. Bh4
Kg7 28. f3 g5 29. Bxg5 Rg6 30. Bf4 Bxf4 31. exf4 Nf6 32. Be4 Nxe4 33. fxe4 Kh8
34. Kf3 Rfg8 35. Rg1 h5 36. Ra2 Rd6 37. Ke2 Rg4 38. Rh1 Rxg3 39. Rxh5+ Kg7 40.
Rg5+ Rxg5 41. fxg5 Kg6 42. Ke3 Kxg5 43. Rg2+ Kf6 44. Rf2+ Ke7 45. Rd2 Rxd2 46.
Kxd2 Kd6 47. Kd3 Ke5 48. Ke3 c5 49. Kd3 Kf4 50. b4 a5 51. Kc3 Kxe4 52. bxa5
bxa5 53. Kb3 f5 54. Ka4 f4 55. Kxa5 f3 56. Kb5 Kd4 57. a4 f2 58. a5 f1=Q 59.
Kb6 Qxc4 60. a6 Qxa6+ 0-1

[Event "DEM U14w 2015"]
[Site "Willingen GER"]
[Date "2015.05.29"]
[Round "8"]
[White "Fesselier, Chelsea"]
[Black "Flach, Helene"]
[Result "1/2-1/2"]
[Termination "normal"]
[Board "5"]
[WhiteElo "1688"]
[BlackElo "1702"]
[WhiteClock "00:08:50"]
[BlackClock "00:00:44"]
[PlyCount "76"]
[WhiteFideId "26024624"]
[BlackFideId "12929735"]
[EventCountry "GER"]
[EventRounds "9"]
[EventType "swiss"]
[EventDate "2015.05.23"]

1. e4 e5 2. Nf3 Nc6 3. Bc4 Bc5 4. c3 Nf6 5. d3 d6 6. Bb3 a6 7. Nbd2 O-O 8. O-O
Ba7 9. Re1 Re8 10. h3 Be6 11. Nf1 Ne7 12. Ng3 h6 13. Nh4 b5 14. Qf3 Ng6 15.
Nhf5 c5 16. Qe2 d5 17. Bc2 dxe4 18. dxe4 Qc7 19. Qf3 Nf4 20. Bxf4 exf4 21. Ne2
Bb8 22. Rad1 Ra7 23. a3 Qb7 24. Nd6 Bxd6 25. Rxd6 g5 26. Qd3 Bc4 27. Qf3 Qe7
28. Red1 Kg7 29. b3 Nxe4 30. Bxe4 Bxe2 31. Qxe2 Qxe4 32. Qh5 Re6 33. R6d2 Rae7
34. Rd5 Qc2 35. b4 cxb4 36. cxb4 Re1+ 37. Kh2 Qxf2 38. Rxg5+ hxg5 1/2-1/2

[Event "DEM U14w 2015"]
[Site "Willingen GER"]
[Date "2015.05.29"]
[Round "8"]
[White "Browning, Rebecca"]
[Black "Gauchel, Verena"]
[Result "0-1"]
[Termination "normal"]
[Board "6"]
[WhiteElo "1590"]
[BlackElo "1414"]
[WhiteClock "00:58:42"]
[BlackClock "00:19:55"]
[PlyCount "44"]
[WhiteFideId "12984027"]
[BlackFideId "12988537"]
[EventCountry "GER"]
[EventRounds "9"]
[EventType "swiss"]
[EventDate "2015.05.23"]

1. e4 c5 2. c4 Nc6 3. Nc3 d6 4. g3 g6 5. Bg2 Bg7 6. Nge2 Nf6 7. d3 O-O 8. O-O
Bd7 9. h3 a6 10. Be3 Rb8 11. Rb1 b5 12. b3 Qc8 13. Qd2 Bxh3 14. Nf4 Bxg2 15.
Nxg2 e5 16. Nh4 Qh3 17. Nf3 Ng4 18. Nd5 f5 19. Rfe1 fxe4 20. Ng5 Qh2+ 21. Kf1
Bh6 22. Nxe4 Nd4 0-1

[Event "DEM U14w 2015"]
[Site "Willingen GER"]
[Date "2015.05.29"]
[Round "8"]
[White "Voß, Henrike"]
[Black "Köhler, Inken"]
[Result "0-1"]
[Termination "normal"]
[Board "7"]
[WhiteElo "1570"]
[BlackElo "1777"]
[PlyCount "82"]
[WhiteFideId "12971910"]
[BlackFideId "12929301"]
[EventCountry "GER"]
[EventRounds "9"]
[EventType "swiss"]
[EventDate "2015.05.23"]

1. e4 c5 2. Nc3 Nc6 3. g3 g6 4. Bg2 Bg7 5. h3 e6 6. f4 d6 7. Nf3 Nge7 8. Ne2
Nd4 9. c3 Nxe2 10. Qxe2 O-O 11. O-O Nc6 12. d3 Rb8 13. Be3 b5 14. d4 cxd4 15.
cxd4 d5 16. e5 Qb6 17. Qd2 a5 18. b3 Ba6 19. Rfc1 Rfc8 20. Rab1 Bf8 21. g4 Ba3
22. Rc2 Nb4 23. Rxc8+ Rxc8 24. Ne1 Qc7 25. h4 Nc2 26. Nxc2 Qxc2 27. Qxc2 Rxc2
28. f5 Rxa2 29. Bg5 Bb2 30. Be3 b4 31. h5 Bd3 32. Re1 gxf5 33. g5 Bc3 34. Rc1
Ra3 35. Bf3 Rxb3 36. Bd1 Ra3 37. Kf2 Ra2+ 38. Kf3 a4 39. Kf4 a3 40. Ba4 Re2 41.
Bb3 a2 0-1

[Event "DEM U14w 2015"]
[Site "Willingen GER"]
[Date "2015.05.29"]
[Round "8"]
[White "Reitz, Theresa"]
[Black "Mönster, Madita"]
[Result "1-0"]
[Termination "normal"]
[Board "8"]
[WhiteElo "1485"]
[BlackElo "1659"]
[PlyCount "109"]
[WhiteFideId "12971901"]
[BlackFideId "12947156"]
[EventCountry "GER"]
[EventRounds "9"]
[EventType "swiss"]
[EventDate "2015.05.23"]

1. e4 c5 2. Nf3 Nc6 3. Bb5 d6 4. Bxc6+ bxc6 5. O-O Bg4 6. h3 Bh5 7. e5 dxe5 8.
g4 e4 9. gxh5 exf3 10. Qxf3 Qd5 11. Qe2 Nf6 12. d3 Qxh5 13. Qxh5 Nxh5 14. Be3
e6 15. Nc3 Nf6 16. Na4 Nd7 17. b3 Bd6 18. Rad1 Ke7 19. Kh1 h6 20. Rg1 g5 21.
Rg4 f5 22. Rgg1 Rab8 23. c4 f4 24. Bc1 Be5 25. Rd2 Bd4 26. Bb2 Bxb2 27. Rxb2
Rhd8 28. Rd2 e5 29. f3 a5 30. h4 Rg8 31. Rdg2 Kf6 32. Nc3 Kf5 33. Ne4 Rh8 34.
Rh2 Rbg8 35. hxg5 hxg5 36. Rxg5+ Rxg5 37. Rxh8 Rg7 38. Ra8 Rh7+ 39. Kg2 Rg7+
40. Kf1 Rh7 41. Rxa5 Rh1+ 42. Ke2 Rh2+ 43. Nf2 Ke6 44. Kf1 Rh7 45. Ne4 Rh1+ 46.
Kf2 Rd1 47. Ke2 Ra1 48. Ra6 Nb8 49. Nxc5+ Kd6 50. Ne4+ Kc7 51. Ra5 Nd7 52. Ra7+
Kc8 53. b4 Rb1 54. b5 cxb5 55. cxb5 1-0

[Event "DEM U14w 2015"]
[Site "Willingen GER"]
[Date "2015.05.29"]
[Round "8"]
[White "Kümmel, Tina"]
[Black "Riegel, Arinna"]
[Result "1/2-1/2"]
[Termination "normal"]
[Board "9"]
[WhiteElo "1381"]
[BlackElo "1663"]
[PlyCount "47"]
[WhiteFideId "12979368"]
[BlackFideId "12931446"]
[EventCountry "GER"]
[EventRounds "9"]
[EventType "swiss"]
[EventDate "2015.05.23"]

1. d4 d5 2. c4 e6 3. Nf3 Nf6 4. Nc3 Be7 5. e3 b6 6. Be2 Nbd7 7. O-O Bb7 8. b3
O-O 9. Bb2 Rc8 10. Rc1 c5 11. cxd5 Nxd5 12. Bc4 N7f6 13. Nxd5 Nxd5 14. Re1 cxd4
15. Nxd4 Bb4 16. Re2 Qg5 17. Nf3 Qe7 18. Rec2 Rcd8 19. Qe2 Bc5 20. Nd4 Nb4 21.
Rd2 Bxd4 22. Bxd4 Qg5 23. f3 e5 24. Bc3 1/2-1/2

[Event "DEM U14w 2015"]
[Site "Willingen GER"]
[Date "2015.05.29"]
[Round "8"]
[White "Möller, Lisa-Marie"]
[Black "Walow, Xenia"]
[Result "1/2-1/2"]
[Termination "normal"]
[Board "10"]
[WhiteElo "1493"]
[BlackElo "1509"]
[PlyCount "40"]
[WhiteFideId "12959367"]
[BlackFideId "12971839"]
[EventCountry "GER"]
[EventRounds "9"]
[EventType "swiss"]
[EventDate "2015.05.23"]

1. e4 c5 2. Nf3 a6 3. c4 d6 4. d4 cxd4 5. Nxd4 Nc6 6. Nc3 Nf6 7. f3 e6 8. Be3
Be7 9. Be2 Qc7 10. O-O O-O 11. Rc1 Ne5 12. Qd2 Ned7 13. Rfd1 b6 14. b3 Bb7 15.
Nc2 Rac8 16. Bf4 Qc5+ 17. Be3 Qc7 18. Bf4 Qc5+ 19. Be3 Qc7 20. Bf4 Qc5+ 1/2-1/2

[Event "DEM U14w 2015"]
[Site "Willingen GER"]
[Date "2015.05.29"]
[Round "8"]
[White "Albert, Eske"]
[Black "Höglauer, Jenny"]
[Result "0-1"]
[Termination "normal"]
[Board "11"]
[WhiteElo "964"]
[BlackElo "1487"]
[PlyCount "104"]
[WhiteFideId "12991813"]
[BlackFideId "12982598"]
[EventCountry "GER"]
[EventRounds "9"]
[EventType "swiss"]
[EventDate "2015.05.23"]

1. e4 c5 2. Nf3 a6 3. c3 e6 4. d4 cxd4 5. cxd4 d6 6. Bd3 Ne7 7. O-O g6 8. Bf4
Bg7 9. Nc3 Nbc6 10. Be3 O-O 11. Qd2 Re8 12. Bh6 Nxd4 13. Nxd4 Bxd4 14. Ne2 Bg7
15. Ng3 e5 16. h4 Nc6 17. h5 Be6 18. f3 Qh4 19. Kf2 Bxh6 20. Qxh6 Qf4 21. Qxf4
exf4 22. Ne2 g5 23. h6 Rac8 24. g3 fxg3+ 25. Nxg3 Nb4 26. Bb1 Nc2 27. Bxc2
Rxc2+ 28. Ke3 Rxb2 29. Rf2 Rxf2 30. Kxf2 Rc8 31. a3 Rc2+ 32. Ke3 Rh2 33. Rb1 b5
34. Rd1 Ra2 35. Rxd6 Rxa3+ 36. Kd4 Kf8 37. Ne2 Ke7 38. Rb6 Rxf3 39. Rxa6 b4 40.
Rb6 b3 41. Nc3 g4 42. Ne2 g3 43. Rb5 g2 44. Rg5 b2 45. Nc3 Rxc3 46. Kxc3 b1=Q
47. Rxg2 Qxe4 48. Rd2 Qe3+ 49. Kc2 Bb3+ 50. Kc1 Qc3+ 51. Kb1 Qxd2 52. Ka1 Qa2#
0-1

[Event "DEM U14w 2015"]
[Site "Willingen GER"]
[Date "2015.05.29"]
[Round "8"]
[White "Manco, Michela"]
[Black "Suhr, Saskia"]
[Result "1-0"]
[Termination "normal"]
[Board "12"]
[WhiteElo "1607"]
[BlackElo "821"]
[PlyCount "101"]
[WhiteFideId "12943908"]
[BlackFideId "16208803"]
[EventCountry "GER"]
[EventRounds "9"]
[EventType "swiss"]
[EventDate "2015.05.23"]

1. e4 c5 2. c3 e6 3. d4 cxd4 4. cxd4 d5 5. e5 Nc6 6. a3 Qa5+ 7. Nc3 Nge7 8. Nf3
Nf5 9. Bb5 Bd7 10. Bxc6 bxc6 11. Bd2 c5 12. Nxd5 Qd8 13. Bg5 Qc8 14. Nc3 Bc6
15. dxc5 Bxf3 16. Qxf3 Bxc5 17. O-O O-O 18. Rac1 Bd4 19. Nb5 Qb8 20. Nxd4 Nxd4
21. Qe4 Qxb2 22. Rb1 Ne2+ 23. Kh1 Nc3 24. Qxh7+ Kxh7 25. Rxb2 Na4 26. Rb7 Nb6
27. Rc1 Kg6 28. Be3 Rfb8 29. Rcc7 Nc4 30. Rxb8 Rxb8 31. Rxc4 Kf5 32. Rb4 Rd8
33. h3 Kxe5 34. Bxa7 f5 35. f4+ Kf6 36. Bd4+ Kf7 37. a4 Ra8 38. Rb7+ Kg8 39.
Rxg7+ Kf8 40. Ra7 Rd8 41. Be5 Rc8 42. a5 Rc5 43. a6 Ra5 44. Ra8+ Ke7 45. a7 Kd7
46. Bd4 Kc7 47. Rb8 Ra4 48. a8=Q Rxd4 49. Qb7+ Kd6 50. Qb6+ Kd5 51. Rd8+ 1-0

[Event "DEM U14w 2015"]
[Site "Willingen GER"]
[Date "2015.05.30"]
[Round "9"]
[White "Weimert, Miriam"]
[Black "Sanati, Charlotte"]
[Result "1-0"]
[Termination "normal"]
[Board "1"]
[WhiteElo "1561"]
[BlackElo "1862"]
[WhiteClock "00:31:39"]
[BlackClock "00:16:33"]
[PlyCount "93"]
[WhiteFideId "12966703"]
[BlackFideId "12907707"]
[EventCountry "GER"]
[EventRounds "9"]
[EventType "swiss"]
[EventDate "2015.05.23"]

1. Nf3 d5 2. c4 c6 3. b3 Nf6 4. g3 Bf5 5. Bg2 Nbd7 6. Bb2 e6 7. O-O Bd6 8. d3
Qe7 9. Nbd2 O-O 10. Rc1 e5 11. cxd5 cxd5 12. e4 Bg6 13. exd5 Nc5 14. Nxe5 Bxe5
15. Bxe5 Nxd3 16. Bxf6 Qxf6 17. Rc7 Rfe8 18. Rxb7 Qd4 19. Rc7 Rac8 20. Rxc8
Rxc8 21. Nc4 Re8 22. Qd2 Bh5 23. Ne3 Bg6 24. Nc2 Qb2 25. d6 Ne5 26. Rc1 Rc8 27.
Re1 Rxc2 28. Qa5 Rc8 29. Qxe5 Qxe5 30. Rxe5 Kf8 31. d7 Rd8 32. Bc6 f6 33. Ra5
Ke7 34. Rxa7 Bb1 35. b4 Rb8 36. b5 Bd3 37. a4 Bc2 38. Kg2 g5 39. Kf3 Bd1+ 40.
Ke3 Bb3 41. Kd4 Kd6 42. Ra6 Kc7 43. Kc5 Be6 44. Ra7+ Kd8 45. Kd6 Bb3 46. a5 Bc4
47. b6 1-0

[Event "DEM U14w 2015"]
[Site "Willingen GER"]
[Date "2015.05.30"]
[Round "9"]
[White "Nguyen, Ha Thanh"]
[Black "Schulze, Lara"]
[Result "0-1"]
[Termination "normal"]
[Board "2"]
[WhiteElo "1655"]
[BlackElo "1874"]
[WhiteClock "00:39:26"]
[BlackClock "00:18:57"]
[PlyCount "114"]
[WhiteFideId "12942154"]
[BlackFideId "12956830"]
[EventCountry "GER"]
[EventRounds "9"]
[EventType "swiss"]
[EventDate "2015.05.23"]

1. e4 e6 2. d4 d5 3. Nc3 Nf6 4. Bg5 Be7 5. e5 Nfd7 6. h4 a6 7. Qg4 Bxg5 8. hxg5
Qe7 9. Bd3 g6 10. O-O-O c5 11. Nf3 cxd4 12. Nxd4 Nxe5 13. Qg3 Qd6 14. Rh4 Nbc6
15. Nxc6 bxc6 16. Be2 Nc4 17. Qxd6 Nxd6 18. Rdh1 Bb7 19. f3 Rc8 20. Rxh7 Rxh7
21. Rxh7 Ke7 22. Bd3 c5 23. Bxg6 Rg8 24. Bd3 Rxg5 25. Bf1 d4 26. Nd1 e5 27. Rh6
a5 28. Rh2 e4 29. fxe4 Nxe4 30. Be2 Nf6 31. Bf3 Bd5 32. a3 Rg3 33. Bxd5 Nxd5
34. Rh5 Ke6 35. Rh6+ f6 36. Rh1 Rxg2 37. Re1+ Kd6 38. Rf1 Ke5 39. Re1+ Kf4 40.
Rf1+ Kg5 41. Re1 Nf4 42. Kb1 f5 43. Rf1 Nd5 44. Re1 Kf4 45. Rf1+ Ke4 46. Nf2+
Ke3 47. Nd3 f4 48. Nxc5 f3 49. Nd3 f2 50. Rxf2 Rxf2 51. Nxf2 Kxf2 52. Ka2 Ne3
53. Kb1 Nxc2 54. Kxc2 Ke2 55. b4 axb4 56. axb4 d3+ 57. Kc3 d2 0-1

[Event "DEM U14w 2015"]
[Site "Willingen GER"]
[Date "2015.05.30"]
[Round "9"]
[White "Köhler, Inken"]
[Black "Mütsch, Annmarie"]
[Result "1/2-1/2"]
[Termination "normal"]
[Board "3"]
[WhiteElo "1777"]
[BlackElo "1868"]
[WhiteClock "00:15:20"]
[BlackClock "00:05:12"]
[PlyCount "117"]
[WhiteFideId "12929301"]
[BlackFideId "12971367"]
[EventCountry "GER"]
[EventRounds "9"]
[EventType "swiss"]
[EventDate "2015.05.23"]

1. e4 e5 2. Nf3 Nc6 3. d4 exd4 4. Nxd4 Bc5 5. Nb3 Bb6 6. a4 a6 7. Nc3 d6 8. Nd5
Ba7 9. Be3 Nf6 10. Bxa7 Rxa7 11. Bd3 O-O 12. O-O Nxd5 13. exd5 Ne5 14. Be2 f5
15. f4 Nd7 16. Nd4 Nf6 17. c4 Ne4 18. Bd3 Re8 19. Re1 Qf6 20. Bc2 Ra8 21. Ra3
Bd7 22. Rae3 Qg6 23. b3 Re7 24. Bxe4 Rxe4 25. Rxe4 fxe4 26. Qd2 Re8 27. Nc2 Qf6
28. g3 Qb2 29. Re3 Qf6 30. Qd4 Qg6 31. Re1 h5 32. Ne3 h4 33. Kf2 hxg3+ 34. hxg3
Qh5 35. Kg1 Qf3 36. Ng2 Qxg3 37. Rxe4 Rf8 38. Re3 Qg6 39. Qe4 Bf5 40. Qe7 Qf7
41. Kf2 Bh7 42. Qxf7+ Kxf7 43. Ke2 a5 44. Kd2 Bf5 45. Nh4 Bd7 46. Nf3 Re8 47.
Rxe8 Kxe8 48. Nd4 Ke7 49. Nb5 Kd8 50. Kc3 Bxb5 51. axb5 Ke7 52. Kd4 Kf6 53. Ke4
g5 54. fxg5+ Kxg5 55. Ke3 Kg4 56. Ke4 b6 57. Ke3 Kg3 58. Ke4 Kg4 59. Ke3
1/2-1/2

[Event "DEM U14w 2015"]
[Site "Willingen GER"]
[Date "2015.05.30"]
[Round "9"]
[White "Schneider, Jana"]
[Black "Fesselier, Chelsea"]
[Result "1-0"]
[Termination "normal"]
[Board "4"]
[WhiteElo "2037"]
[BlackElo "1688"]
[WhiteClock "00:01:49"]
[BlackClock "00:12:17"]
[PlyCount "107"]
[WhiteFideId "12924997"]
[BlackFideId "26024624"]
[EventCountry "GER"]
[EventRounds "9"]
[EventType "swiss"]
[EventDate "2015.05.23"]

1. e4 c5 2. Nf3 e6 3. g3 Nc6 4. Bg2 d6 5. O-O Nf6 6. Qe2 Be7 7. Rd1 Qc7 8. d4
cxd4 9. Nxd4 a6 10. c4 Rb8 11. b3 Bd7 12. Bb2 O-O 13. Nc3 Rfe8 14. Rac1 Nxd4
15. Rxd4 Bc6 16. Kh1 Bf8 17. g4 e5 18. Rd3 g6 19. Rg3 Bg7 20. Bf3 Qe7 21. Ba3
Rbd8 22. Rd1 Rf8 23. Kg2 Rd7 24. g5 Ne8 25. h4 f6 26. gxf6 Qxf6 27. Bg4 Rd8 28.
h5 g5 29. Bf5 h6 30. Rgd3 Qe7 31. Nd5 Bxd5 32. Rxd5 b6 33. Bg6 Rf6 34. Bxe8
Qxe8 35. Bxd6 Re6 36. Bc7 Rxd5 37. exd5 Rf6 38. Rd2 e4 39. d6 Rf7 40. Bxb6 Qc6
41. Be3 Be5 42. c5 Bf4 43. Kf1 Be5 44. Qc4 Kg7 45. a4 Bf6 46. Qd5 Qd7 47. Qxe4
Qh3+ 48. Kg1 Qxh5 49. d7 Bd8 50. c6 Rf8 51. Bd4+ Kg8 52. Be5 Qf7 53. c7 Bxc7
54. Bxc7 1-0

[Event "DEM U14w 2015"]
[Site "Willingen GER"]
[Date "2015.05.30"]
[Round "9"]
[White "Flach, Helene"]
[Black "Gauchel, Verena"]
[Result "1-0"]
[Termination "normal"]
[Board "5"]
[WhiteElo "1702"]
[BlackElo "1414"]
[WhiteClock "00:25:10"]
[BlackClock "00:24:03"]
[PlyCount "125"]
[WhiteFideId "12929735"]
[BlackFideId "12988537"]
[EventCountry "GER"]
[EventRounds "9"]
[EventType "swiss"]
[EventDate "2015.05.23"]

1. e4 c5 2. Nf3 Nc6 3. d4 cxd4 4. Nxd4 Nf6 5. Nc3 e5 6. Ndb5 d6 7. Bg5 a6 8.
Na3 b5 9. Nd5 Be7 10. Bxf6 Bxf6 11. c4 b4 12. Nc2 a5 13. Be2 O-O 14. O-O Bg5
15. Bg4 Ne7 16. Bxc8 Rxc8 17. Nxe7+ Qxe7 18. Qd3 Qe6 19. b3 f5 20. Ne3 Bxe3 21.
Qxe3 fxe4 22. Qxe4 Rf4 23. Qb7 Rf7 24. Qa6 Rc5 25. Rad1 Rd7 26. Rd3 Kf7 27. Qa8
Qe8 28. Qe4 g6 29. Rfd1 Qe6 30. Qa8 Qe7 31. Qh8 h5 32. Rf3+ Ke6 33. Qg8+ Qf7
34. Rxf7 Rxf7 35. Qxg6+ Rf6 36. Rxd6+ Kxd6 37. Qxf6+ Kd7 38. Qf5+ Kd6 39. Qxh5
e4 40. Qh8 Re5 41. Qf6+ Re6 42. Qd4+ Ke7 43. Qc5+ Kf6 44. Qxa5 e3 45. fxe3 Rxe3
46. Qb6+ Re6 47. Qxb4 Ra6 48. a4 Ke6 49. c5 Kf6 50. Qb6+ Rxb6 51. cxb6 Ke7 52.
b7 Kd6 53. b8=Q+ Kc5 54. Qe5+ Kb4 55. Qb5+ Kc3 56. Qc4+ Kb2 57. b4 Ka3 58. b5
Kb2 59. b6 Ka3 60. b7 Kb2 61. b8=Q+ Ka1 62. Qc1+ Ka2 63. Qbb2# 1-0

[Event "DEM U14w 2015"]
[Site "Willingen GER"]
[Date "2015.05.30"]
[Round "9"]
[White "Rosenhain, Rachela"]
[Black "Browning, Rebecca"]
[Result "1-0"]
[Termination "normal"]
[Board "6"]
[WhiteElo "1826"]
[BlackElo "1590"]
[WhiteClock "00:55:28"]
[BlackClock "00:37:36"]
[PlyCount "79"]
[WhiteFideId "12957615"]
[BlackFideId "12984027"]
[EventCountry "GER"]
[EventRounds "9"]
[EventType "swiss"]
[EventDate "2015.05.23"]

1. e4 c5 2. Nf3 b6 3. d4 cxd4 4. Nxd4 e6 5. Nb5 a6 6. Nd6+ Bxd6 7. Qxd6 Bb7 8.
Nc3 Qe7 9. Qxb6 d6 10. Bf4 e5 11. Bg5 Nf6 12. Bxf6 gxf6 13. O-O-O Bc6 14. Bxa6
O-O 15. Bb5 Bxb5 16. Qxb5 Rd8 17. Nd5 Qa7 18. a3 Nd7 19. Ne7+ Kf8 20. Nc6 Qc7
21. Nxd8 Rxd8 22. Qd3 Nc5 23. Qf3 Ke7 24. g4 Ne6 25. h4 Nd4 26. Qd3 Ne6 27. g5
fxg5 28. hxg5 Rc8 29. Rxh7 Nxg5 30. Rh6 Ne6 31. Rd2 Qb6 32. Qf3 Nf4 33. Qg4 Qc5
34. Qg5+ Kd7 35. Qf5+ Kc7 36. Qxf7+ Kb8 37. Rhxd6 Qb5 38. Rd8 Qf1+ 39. Rd1 Qc4
40. Qxc4 1-0

[Event "DEM U14w 2015"]
[Site "Willingen GER"]
[Date "2015.05.30"]
[Round "9"]
[White "Höglauer, Jenny"]
[Black "Voß, Henrike"]
[Result "1/2-1/2"]
[Termination "normal"]
[Board "8"]
[WhiteElo "1487"]
[BlackElo "1570"]
[PlyCount "55"]
[WhiteFideId "12982598"]
[BlackFideId "12971910"]
[EventCountry "GER"]
[EventRounds "9"]
[EventType "swiss"]
[EventDate "2015.05.23"]

1. e4 e5 2. Nf3 Nc6 3. Bb5 a6 4. Ba4 d6 5. c3 Bd7 6. O-O Nge7 7. d4 Ng6 8. Re1
Be7 9. Be3 O-O 10. Nbd2 Qe8 11. Nf1 Nxd4 12. Bxd7 Nxf3+ 13. Qxf3 Qxd7 14. Rad1
Rad8 15. Ng3 Qb5 16. Qe2 Qxe2 17. Rxe2 b5 18. Red2 Ra8 19. Nf5 Bf6 20. b3 Rfb8
21. f3 a5 22. Bf2 Bg5 23. Rd3 b4 24. h4 Nf4 25. hxg5 Nxd3 26. Rxd3 Kf8 27. Ne3
Ke7 28. Nd5+ 1/2-1/2

[Event "DEM U14w 2015"]
[Site "Willingen GER"]
[Date "2015.05.30"]
[Round "9"]
[White "Mönster, Madita"]
[Black "Manco, Michela"]
[Result "0-1"]
[Termination "normal"]
[Board "9"]
[WhiteElo "1659"]
[BlackElo "1607"]
[PlyCount "154"]
[WhiteFideId "12947156"]
[BlackFideId "12943908"]
[EventCountry "GER"]
[EventRounds "9"]
[EventType "swiss"]
[EventDate "2015.05.23"]

1. e4 e5 2. Nf3 Nc6 3. Bb5 a6 4. Ba4 Nf6 5. O-O b5 6. Bb3 Bc5 7. Re1 d6 8. h3
O-O 9. c3 Na5 10. Bc2 Ba7 11. d4 Qe7 12. Nbd2 c5 13. Nf1 h6 14. Ng3 Qc7 15. b3
c4 16. b4 Nc6 17. d5 Ne7 18. a4 Ng6 19. axb5 axb5 20. Be3 Bd7 21. Qc1 Bb6 22.
Qb2 Bxe3 23. fxe3 Ra7 24. Ra3 Rfa8 25. Rea1 Qb6 26. Nf1 Nf4 27. Kh1 Ng6 28.
R1a2 Ra6 29. Qa1 Bc8 30. Ng1 Nf8 31. Ne2 N8h7 32. Neg3 g6 33. Bd1 Ng5 34. Bf3
Nxf3 35. gxf3 Rxa3 36. Rxa3 Rxa3 37. Qxa3 Bxh3 38. Qa5 Qb8 39. Kh2 Bd7 40. Kg2
Nh7 41. f4 f6 42. Nh2 Kg7 43. f5 Be8 44. Qa6 g5 45. Qa1 h5 46. Ne2 Nf8 47. Kh3
Nd7 48. Ng3 Nb6 49. Qd1 Kh6 50. Kg2 Na4 51. Qd2 Bf7 52. Kh3 Qg8 53. Kg2 Kg7 54.
Nf3 h4 55. Nh1 Bh5 56. Nf2 Bxf3+ 57. Kxf3 Kf7 58. Kg4 Qh8 59. Nh3 Qg8 60. Qc2
Qg7 61. Qd2 Kg8 62. Qc2 Kh7 63. Qd2 Kh6 64. Nf2 h3 65. Kxh3 Qh7 66. Kg3 Kg7 67.
Kg2 Qh4 68. Qc2 g4 69. Kg1 Qg3+ 70. Kh1 Qxe3 71. Nxg4 Qf3+ 72. Qg2 Qxg2+ 73.
Kxg2 Nxc3 74. Nf2 Na2 75. Nd1 c3 76. Ne3 Nxb4 77. Kf2 c2 0-1

[Event "DEM U14w 2015"]
[Site "Willingen GER"]
[Date "2015.05.30"]
[Round "9"]
[White "Grey, Andrea"]
[Black "Kümmel, Tina"]
[Result "1/2-1/2"]
[Termination "normal"]
[Board "10"]
[WhiteElo "1424"]
[BlackElo "1381"]
[PlyCount "144"]
[WhiteFideId "12971880"]
[BlackFideId "12979368"]
[EventCountry "GER"]
[EventRounds "9"]
[EventType "swiss"]
[EventDate "2015.05.23"]

1. Nf3 g6 2. d4 Bg7 3. b3 d5 4. Bb2 Nf6 5. e3 O-O 6. c4 c6 7. Bd3 Re8 8. O-O
Nbd7 9. Nc3 Qc7 10. cxd5 cxd5 11. Rc1 Qd8 12. Ne2 b6 13. Rc2 Bb7 14. Qd2 Rc8
15. Rfc1 e6 16. Ng3 Rxc2 17. Rxc2 Qb8 18. Qc1 Rc8 19. h3 Rxc2 20. Qxc2 Qc8 21.
Kf1 Ba6 22. Qxc8+ Bxc8 23. Ke2 Bb7 24. Kd2 Bf8 25. a3 Bd6 26. Ne2 Bf8 27. Nc3
a6 28. b4 Bd6 29. Kc2 Kg7 30. Nd2 e5 31. dxe5 Nxe5 32. Be2 h6 33. Nf3 Ned7 34.
Kd3 Kf8 35. Nd2 Ne5+ 36. Kc2 Ke7 37. f4 Ned7 38. Bf3 Ke6 39. Kd3 b5 40. Nb3 Nb6
41. Kd4 Nc4 42. Bc1 Bc6 43. Nc5+ Bxc5+ 44. Kxc5 Bb7 45. a4 bxa4 46. Nxa4 Nd7+
47. Kd4 Kd6 48. Be2 Ncb6 49. Nxb6 Nxb6 50. Bd2 Nd7 51. b5 axb5 52. Bxb5 Nf6 53.
Bb4+ Ke6 54. g4 Ne4 55. h4 f5 56. g5 hxg5 57. hxg5 Kf7 58. Ke5 Ba8 59. Bd7 Bb7
60. Be6+ Kg7 61. Bxd5 Bxd5 62. Kxd5 Kf7 63. Ke5 Kg7 64. Ke6 Kg8 65. Be7 Kg7 66.
Bf6+ Kf8 67. Bb2 Kg8 68. Ke7 Kh7 69. Bd4 Kg8 70. Be5 Kh7 71. Kf7 Ng3 72. Ke6
Ne4 1/2-1/2

[Event "DEM U14w 2015"]
[Site "Willingen GER"]
[Date "2015.05.30"]
[Round "9"]
[White "Heil, Valerie"]
[Black "Riegel, Arinna"]
[Result "0-1"]
[Termination "normal"]
[Board "11"]
[WhiteElo "1087"]
[BlackElo "1663"]
[PlyCount "94"]
[WhiteFideId "16208790"]
[BlackFideId "12931446"]
[EventCountry "GER"]
[EventRounds "9"]
[EventType "swiss"]
[EventDate "2015.05.23"]

1. e4 c5 2. Nf3 e6 3. Be2 a6 4. d3 Nc6 5. Be3 Nf6 6. Qd2 Be7 7. d4 Nxe4 8. Qd3
d5 9. a3 Qa5+ 10. c3 cxd4 11. b4 Qc7 12. Nxd4 Bf6 13. O-O O-O 14. Rc1 Nxd4 15.
Bxd4 Bd7 16. Bxf6 Nxf6 17. Nd2 Rfd8 18. c4 dxc4 19. Rxc4 Qe5 20. Rcc1 Bb5 21.
Nc4 Qf4 22. Qf3 Qe4 23. Qxe4 Nxe4 24. Ra2 Rac8 25. Raa1 Rc7 26. f3 Nf6 27. Bf1
Rdc8 28. h3 Bxc4 29. Bxc4 Rxc4 30. Rxc4 Rxc4 31. Rd1 Kf8 32. Kh2 Ke7 33. Rd3
Nd5 34. Rb3 Rc3 35. Rxc3 Nxc3 36. Kg1 Nb1 37. a4 Nc3 38. a5 Na2 39. Kf2 Nxb4
40. Ke3 Nc6 41. Kd3 Nxa5 42. Kc3 e5 43. Kb4 Nc6+ 44. Kc5 Ke6 45. Kb6 f5 46.
Kxb7 a5 47. Kxc6 a4 0-1